000 00636nam a2200253 a 4500
001 nice12345678
003 IN_TiNIC
005 20260116013828.0
008 050524s1993 dela grp 000 0 eng
020 _a
_c125
082 0 0 _a294.5923
_bMIT
100 _aMitra, Ananda
245 _aTelivision and Popular Culture in India
260 _aDelhi
_bSage Publication
_c1993
300 _a196p
500 _aincludes index and biblioraphy
505 2 _aIndex, Notes
650 _aMahabharat T V Serial
650 _aTelevision and Religion
700 1 _aMitra, Ananda
902 _bSRS
942 _cBK
999 _c12704
_d12704